| 000 | 01254nam a22003254a 4500 | ||
|---|---|---|---|
| 001 | ebr10103519 | ||
| 003 | CaPaEBR | ||
| 006 | m u | ||
| 007 | cr cn||||||||| | ||
| 008 | 030108s2004 enka sb 001 0 eng | ||
| 010 | _z 2003000331 | ||
| 020 | _z0195117808 (hbk. : alk. paper) | ||
| 040 |
_aCaPaEBR _cCaPaEBR |
||
| 035 | _a(OCoLC)61330127 | ||
| 050 | 1 | 4 |
_aQE471.2 _b.S697 2004eb |
| 082 | 0 | 4 |
_a541.3/3 _221 |
| 100 | 1 |
_aSposito, Garrison, _d1939- |
|
| 245 | 1 | 4 |
_aThe surface chemistry of natural particles _h[electronic resource] / _cGarrison Sposito. |
| 260 |
_aOxford ; _aNew York : _bOxford University Press, _c2004. |
||
| 300 |
_ax, 242 p. : _bill. |
||
| 504 | _aIncludes bibliographical references and index. | ||
| 533 |
_aElectronic reproduction. _bPalo Alto, Calif. : _cebrary, _d2013. _nAvailable via World Wide Web. _nAccess may be limited to ebrary affiliated libraries. |
||
| 650 | 0 |
_aSediments (Geology) _xSurfaces. |
|
| 650 | 0 | _aAdsorption. | |
| 650 | 0 | _aSolid-liquid interfaces. | |
| 650 | 0 | _aSurface chemistry. | |
| 655 | 7 |
_aElectronic books. _2local |
|
| 710 | 2 | _aebrary, Inc. | |
| 856 | 4 | 0 |
_uhttp://site.ebrary.com/lib/rucke/Doc?id=10103519 _zAn electronic book accessible through the World Wide Web; click to view |
| 999 |
_c101997 _d101997 |
||